Democracy : (Record no. 64981)

MARC details
000 -LEADER
fixed length control field 00613nam a22001697a 4500
005 - DATE AND TIME OF LATEST TRANSACTION
control field 20120413144026.0
020 ## - INTERNATIONAL STANDARD BOOK NUMBER
International Standard Book Number 8123717717
Terms of availability 35.00
035 ## - SYSTEM CONTROL NUMBER
System control number A-980502
037 ## - SOURCE OF ACQUISITION
Stock number DPL
Source of stock number/acquisition ENG
100 ## - MAIN ENTRY--PERSONAL NAME
Personal name Beetham, David
245 ## - TITLE STATEMENT
Title Democracy :
Remainder of title 80 questions and answers /
Statement of responsibility, etc by David Beetham and Kevind Boyle
260 ## - PUBLICATION, DISTRIBUTION, ETC. (IMPRINT)
Place of publication, distribution, etc New Delhi
Name of publisher, distributor, etc National Book Trust, India
Date of publication, distribution, etc 1995
300 ## - PHYSICAL DESCRIPTION
Extent xix, 118p.
Dimensions 18 cms.
700 ## - ADDED ENTRY--PERSONAL NAME
Personal name Boyle, Kevin
9 (RLIN) 45080
942 ## - ADDED ENTRY ELEMENTS (KOHA)
Source of classification or shelving scheme Dewey Decimal Classification
Item type English Books
Classification part 321.8
Call number suffix BEE
Holdings
Withdrawn status Lost status Not for loan Collection code Home library Current library Date acquired Cost, normal purchase price Full call number Barcode Cost, replacement price Koha item type
      Non-fiction Sarojini Nagar Sarojini Nagar 13/04/2012 35.00 321.8 BEE A-980502 35.00 English Books

© Delhi Public Library
Hit Counter
free hit counter